Martín y carolina 2 /
Guardado en:
| Autor Principal: | |
|---|---|
| Otros Autores: | |
| Formato: | Libro |
| Publicado: |
Buenos Aires :
Kapelusz,
1972
|
| Materias: | |
| Etiquetas: |
Agregar Etiqueta
Sin Etiquetas, Sea el primero en etiquetar este registro!
|
| LEADER | 00822nam a22002295a 4500 | ||
|---|---|---|---|
| 001 | CEM.cems012466 | ||
| 005 | 20070413185510.0 | ||
| 008 | 130507s1972##################000#0#####d | ||
| 003 | CEMS | ||
| 082 | 0 | 4 | |a 372.24 |
| 100 | 1 | |a Reigosa de Cañeque, Hilda | |
| 245 | 1 | 0 | |a Martín y carolina 2 / |c Hilda Reigosa de Cañeque ; susana Pazos de Costa |
| 260 | |a Buenos Aires : |b Kapelusz, |c 1972 | ||
| 300 | |a 63 p. | ||
| 505 | 0 | |a Esquemas de trabajo para estimular los aprendizajes básicos en lectura, escritura y cálculo | |
| 653 | |a Biblioteca maría de los angeles saggio | ||
| 653 | |a Lectura-aprendizajes básicos | ||
| 653 | |a Educación primaria | ||
| 653 | |a Lengua-1ºciclo egb | ||
| 653 | |a Lengua-1ºaño egb | ||
| 700 | 1 | |a Pazos de Costa, Susana | |
| 859 | |a CEMS |b BIB. CEMS - 11 de abril |h 372.24 |i R272 |p 23728.07 |t Ej.1 |v 2º |3 2º | ||
